000 00803nam a2200229 a 4500
008
020 _a1840253428 (pbk. )
049 _aMAIN
090 _aPN4833 NEW
100 1 _aNewman, Michael
245 1 0 _aNews and magazines on the internet :
_ba practical guide to newspapers, magazines, radio and the online news and information services /
_cby Michael Newman.
260 _aPlymouth :
_bInternet handbooks,
_c2001.
300 _a144 p. :
_bill. ;
_c24 cm.
490 _aInternet handbooks series.
500 _aIncludes index.
650 1 _aInternet
_vnewspapers
_xmagazines
_ypres agencies
_zradio and televesion
907 _a.b10145539
_b13-02-07
_c05-01-05
003
005 20230123133904.0
040 _cNUST
942 _cBOOKS
_kPN4833 NEW
999 _c156359
_d156359